Match the Author to their Nationality - Statistics

General Stats
  • This quiz has been taken 17 times
    9 since last reset
  • The average score is 16 of 30
Answer Stats
Hint Answer % Correct
Lewis Carroll British
88%
Jules Verne French
88%
Suzanne Collins American
75%
Haruki Murakami Japanese
75%
Bapsi Sidhwa Pakistani
75%
Rick Riordan American
63%
Holly Black American
63%
Stephen King American
63%
Mark Twain American
63%
C. S. Lewis British
63%
J. R. R. Tolkien British
63%
Agatha Christie British
63%
Enid Blyton British
63%
Henrik Ibsen Norweigan
63%
Malala Yousafzai Pakistani
63%
Leo Tolstoy Russian
63%
Fyodor Dostoevsky Russian
63%
George Orwell British
50%
Roald Dahl British
50%
L.M. Montgomery Canadian
50%
Jean-Paul Sartre French
50%
Pär Lagerkvist Swedish
50%
Astrid Lindgren Swedish
50%
Jennifer Lynn Barnes American
38%
Margaret Atwood Canadian
38%
Osamu Dazai Japanese
38%
Victor Hugo French
25%
Siri Pettersen Norweigan
25%
Yann Martel Canadian
13%
Henning Mankell Swedish
13%
No matching quizzes found
Score Distribution
Percent of People with Each Score
Percentile by Number Answered
Your Score History
You have not taken this quiz since the last reset